Catálogo
 En Linea

Fisica : (Registro nro. 34172)

Detalles MARC
000 -CABECERA
campo de control de longitud fija 00582nam a2200181 a 4500
001 - NÚMERO DE CONTROL
campo de control 000034681
005 - FECHA Y HORA DE LA ÚLTIMA TRANSACCIÓN
campo de control 20200930073833.0
008 - DATOS DE LONGITUD FIJA--INFORMACIÓN GENERAL
campo de control de longitud fija 111018s1981 ag 000 0 spa d
020 ## - NÚMERO INTERNACIONAL ESTÁNDAR DEL LIBRO
Número Internacional Estándar del Libro 0201002744
040 ## - FUENTE DE LA CATALOGACIÓN
Centro catalogador/agencia de origen DO-SdBNP
Lengua de catalogación spa
Centro/agencia transcriptor BNPHU
082 ## - NÚMERO DE LA CLASIFICACIÓN DECIMAL DEWEY
Número de clasificación xxxx
Número de documento/Ítem A454f
100 1# - ENTRADA PRINCIPAL--NOMBRE DE PERSONA
Nombre de persona Alonso, Marcelo
9 (RLIN) 60115
245 10 - MENCIÓN DE TÍTULO
Título Fisica :
Resto del título campos y ondas /
Mención de responsabilidad, etc. Marcelo Alonso, Onofre Rojo.
260 ## - PUBLICACIÓN, DISTRIBUCIÓN, ETC.
Lugar de publicación, distribución, etc. Wilmington, Delaware, E. U. A. :
Nombre del editor, distribuidor, etc. Addison-Wesley Iberoamericana,
Fecha de publicación, distribución, etc. 1981.
300 ## - DESCRIPCIÓN FÍSICA
Extensión 472 p. :
Otras características físicas il., ;
Dimensiones 23 cm.
700 1# - PUNTO DE ACCESO ADICIONAL--NOMBRE DE PERSONA
Nombre de persona Rojo, Onofre
9 (RLIN) 60116
710 1# - PUNTO DE ACCESO ADICIONAL--NOMBRE DE ENTIDAD CORPORATIVA
Nombre de entidad corporativa o nombre de jurisdicción como elemento de entrada Fondo Edicativo Interamericano
9 (RLIN) 60117
Existencias
Estado de retiro Estado de pérdida Restricciones de uso No para préstamo Código de colección Localización permanente Ubicación/localización actual Ubicación en estantería Fecha de adquisición Número de inventario Total de préstamos Signatura topográfica completa Código de barras Fecha visto por última vez Precio válido a partir de Tipo de ítem Koha
        Monografías: Libros y Folletos General General Orden iniciada 18.10.2011 LF1   xxxx A454f 34681-10 25.06.2020 25.06.2020 No se presta

Con tecnología Koha